=LDR 00000nam 2200000 4500 =001 INLIS000000000001039 =005 20130612085443 =008 ***********************************Ind** =035 ##$$0010-061300000001039 =041 ##$$a Ind =082 ##$$a 028.5 =090 ##$$a 028.5, Sma-t =100 ##$$a SMAS, Bung =245 ##$$a Tentara para MAlaikat, Kisah-kisah dalam Al-Qur'an, Bung Smas =260 ##$$a 1997 $b Bandung =300 ##$$a vi, 24 hlm, ilus, 28 sm =650 ##$$a Bacaan Kanak-kanak =850 ##$$a NBPNMAT